000 00265nam a2200109Ia 4500
008 240126s9999 xx 000 0 und d
041 _aEnglish
245 0 _aSys Admin : ceased publication (2002 - Aug.2007)
260 _bCMP Media
440 _aNULL
942 _cJN
999 _c252580
_d252580